<?xml version="1.0" encoding="UTF-8"?><?xml-stylesheet type="text/xsl" href="static/style.xsl"?><OAI-PMH xmlns="http://www.openarchives.org/OAI/2.0/" xmlns:xsi="http://www.w3.org/2001/XMLSchema-instance" xsi:schemaLocation="http://www.openarchives.org/OAI/2.0/ http://www.openarchives.org/OAI/2.0/OAI-PMH.xsd"><responseDate>2026-04-17T01:26:36Z</responseDate><request verb="GetRecord" identifier="oai:www.recercat.cat:10459.1/57019" metadataPrefix="marc">https://recercat.cat/oai/request</request><GetRecord><record><header><identifier>oai:recercat.cat:10459.1/57019</identifier><datestamp>2024-12-05T21:52:09Z</datestamp><setSpec>com_2072_3622</setSpec><setSpec>col_2072_479130</setSpec></header><metadata><record xmlns="http://www.loc.gov/MARC21/slim" xmlns:dcterms="http://purl.org/dc/terms/" xmlns:xsi="http://www.w3.org/2001/XMLSchema-instance" xmlns:doc="http://www.lyncode.com/xoai" xsi:schemaLocation="http://www.loc.gov/MARC21/slim http://www.loc.gov/standards/marcxml/schema/MARC21slim.xsd">
   <leader>00925njm 22002777a 4500</leader>
   <datafield ind2=" " ind1=" " tag="042">
      <subfield code="a">dc</subfield>
   </datafield>
   <datafield ind2=" " ind1=" " tag="720">
      <subfield code="a">Martins, José Alenxadre</subfield>
      <subfield code="e">author</subfield>
   </datafield>
   <datafield ind2=" " ind1=" " tag="720">
      <subfield code="a">Estrada Roca, M. Asunción</subfield>
      <subfield code="e">author</subfield>
   </datafield>
   <datafield ind2=" " ind1=" " tag="720">
      <subfield code="a">Nascimento, Maria Manuel</subfield>
      <subfield code="e">author</subfield>
   </datafield>
   <datafield ind2=" " ind1=" " tag="260">
      <subfield code="c">2016-05-12T11:44:17Z</subfield>
   </datafield>
   <datafield ind2=" " ind1=" " tag="260">
      <subfield code="c">2016-05-12T11:44:17Z</subfield>
   </datafield>
   <datafield ind2=" " ind1=" " tag="260">
      <subfield code="c">2014</subfield>
   </datafield>
   <datafield ind2=" " ind1=" " tag="520">
      <subfield code="a">Statistical graphs, measures of central tendency and measures of spread are key concepts in the statistics curriculum, so&#xd;
we present here a dynamic method (software) that may be used in the classroom. In this work we begin with an&#xd;
introductory approach. This is done to emphasize the importance of stimulating the visualization of statistical&#xd;
measures by using available technology as a means of overcoming difficulties and errors related to interpretations and&#xd;
also to motivate students in the classroom.&#xd;
With the help of the dynamic geometry software Cabri-Géomètre II Plus, some applications will be presented from a&#xd;
didactic viewpoint as a means to give visual stimulation, to motivate and to facilitate the familiarization with statistical&#xd;
concepts involved in statistical graphs, measures of central tendency and measures of spread.&#xd;
The applications presented here may be implemented by any teacher with basic knowledge of Cabri-Géomètre or any&#xd;
other dynamic geometry software. We hope that they will also be elements that promote further interaction within the&#xd;
classroom.</subfield>
   </datafield>
   <datafield ind2=" " ind1=" " tag="520">
      <subfield code="a">This research was supported by the project EDU2010-14947 (MICIIN, Spain), by Centro de Matemática da UTAD (CM-UTAD) and by the project PEst-OE/EGE/UI4056/2011 financed by Fundação para a Ciência e a Tecnologia (Science and Technological Foundation, FCT, MCTES, Portugal).</subfield>
   </datafield>
   <datafield ind1="8" ind2=" " tag="024">
      <subfield code="a">http://hdl.handle.net/10459.1/57019</subfield>
   </datafield>
   <datafield tag="653" ind2=" " ind1=" ">
      <subfield code="a">Statistics</subfield>
   </datafield>
   <datafield tag="653" ind2=" " ind1=" ">
      <subfield code="a">Education</subfield>
   </datafield>
   <datafield tag="653" ind2=" " ind1=" ">
      <subfield code="a">Concepts</subfield>
   </datafield>
   <datafield tag="653" ind2=" " ind1=" ">
      <subfield code="a">Visualization</subfield>
   </datafield>
   <datafield tag="653" ind2=" " ind1=" ">
      <subfield code="a">Simulation</subfield>
   </datafield>
   <datafield tag="653" ind2=" " ind1=" ">
      <subfield code="a">Dynamic Geometry Software (DGS)</subfield>
   </datafield>
   <datafield tag="653" ind2=" " ind1=" ">
      <subfield code="a">Estadística</subfield>
   </datafield>
   <datafield tag="653" ind2=" " ind1=" ">
      <subfield code="a">Educació</subfield>
   </datafield>
   <datafield ind2="0" ind1="0" tag="245">
      <subfield code="a">Do you need to see it to believe it? Let's see statistics and geometry dynamically together!</subfield>
   </datafield>
</record></metadata></record></GetRecord></OAI-PMH>